[Event "Ch Europe (blitz) (Internet) (KO-system)"]
[Site "masterchessopen.com Internet"]
[Date "2004.11.07"]
[Round "4"]
[White "Nielsen Peter Heine (DEN)"]
[Black "Adams Michael (ENG)"]
[Result "1-0"]
[WhiteElo "2663"]
[BlackElo "2740"]

{ Nielsen Peter Heine (DEN) +7 =6 -2 } 1.d4 { 1 } 1...Nf6 2.c4 e6 3.g3 d5
4.Nf3 Bb4+ 5.Bd2 Be7 6.Bg2 c6 7.Qc2 O-O 8.O-O b6 9.b3 ( 9.Rd1 Nbd7 10.Bf4 Bb7
11.Nc3 dxc4 12.Nd2 Nd5 13.Nxc4 Nxf4 14.gxf4 Nf6 15.Ne5 Nd5 16.f5 Nxc3 17.Qxc3
exf5 18.Bxc6 Bxc6 19.Nxc6 Qd7 20.Ne5 Qe6 21.Qb3 Bd6 22.Qxe6 fxe6 23.Rac1 Bxe5
24.dxe5 Rfc8 25.b3 Kf8 26.Rxc8+ Rxc8 27.Rd7 a5 28.Rd6 Rc2 { ...1/2-1/2,
Nielsen Peter Heine 2628 - Sokolov Andrei 2589 , Germany 24. 4.2004 Bundesliga
2003/04 } ) 9...Bb7 { ?/= } ( 9...Nbd7 10.Rd1 Ba6 11.Bf4 Rc8 12.Nc3 Nh5 13.Bc1
f5 14.a4 Bb4 15.a5 bxa5 16.c5 Nhf6 17.Na2 Bb5 18.Nxb4 axb4 19.Rxa7 Ra8 20.Rxa8
Qxa8 21.Bb2 Qb7 22.Ng5 Re8 23.Qd2 Ne4 24.Nxe4 dxe4 25.f3 Nf6 26.fxe4 fxe4
27.Rf1 Rf8 28.Qe3 Qd7 29.Bxe4 { ...1/2-1/2, Sasikiran Krishnan 2654 - Barua
Dibyendu 2549 , Mumbai 2003 Ch India } ) ( 9...Ba6 10.Rd1 Nbd7 11.Bf4 Rc8
12.Nc3 Qe8 13.e4 dxc4 14.bxc4 Bxc4 15.Nd2 Ba6 16.Qa4 Bd3 17.Ndb1 Bxb1 18.Raxb1
a5 19.Qb3 b5 20.e5 a4 21.Qb2 Nd5 22.Nxd5 exd5 23.Bh3 Ra8 24.Qc2 Nb6 25.Bf5 g6
26.Bd3 Kh8 27.Re1 Nc4 28.Rbc1 Qd7 29.h4 { ...0-1, Tkachiev Vladislav 2657 -
Gelfand Boris 2681 , Shenyang 2000 Cup FIDE (Gr D) (play-off) } ) 10.Bf4 (
10.Rd1 Na6 11.Nc3 c5 12.Bf4 Qc8 13.cxd5 exd5 14.Rac1 Rd8 15.Qb1 h6 16.Ne5 Qe6
17.Be3 cxd4 18.Bxd4 Ba3 19.Rc2 Bc5 20.Bxc5 Nxc5 21.Nf3 Nfe4 22.Qb2 Ba6 23.b4
Nxc3 24.Qxc3 Ne4 25.Qe3 Rac8 26.Nd4 Qe8 27.Rdc1 Rxc2 28.Rxc2 Qa4 29.Qb3 Qd7 {
...1-0, Tkachiev Vladislav 2632 - Sokolov Ivan 2658 , Shanghai 2001 Cup Tan
Chin Nam } ) 10...Nbd7 ( 10...Na6 11.Rd1 Rc8 12.Nc3 Qe8 13.e4 c5 14.exd5 exd5
15.Re1 dxc4 16.Bd6 Nb4 17.Qd2 Bxd6 18.Rxe8 Rfxe8 19.bxc4 cxd4 20.Nxd4 Bxg2
21.Kxg2 Be5 22.Rb1 Rxc4 23.Nde2 h5 24.a3 Nc6 25.Qd3 Rc5 26.Ne4 Nxe4 27.Qxe4
Re6 28.Qd3 Rd6 29.Qe3 Re6 30.Qd3 { ...1/2-1/2, Timoscenko Gennadij 2505 -
Beliavsky Alexander G 2615 , Frunze 1981 Ch URS } ) 11.Nc3 Rc8 12.e4 c5 (
12...Ba6 13.Rfd1 dxc4 14.bxc4 Bxc4 15.Nd2 Ba6 16.Qa4 Bd3 17.Rac1 b5 18.Qb3 Nb6
19.e5 Nfd7 20.Nce4 Be2 21.Re1 Bc4 22.Nxc4 Nxc4 23.h4 Ndb6 24.Rcd1 a5 25.Bg5 h6
26.Bxe7 Qxe7 27.Qf3 Rfd8 28.Qg4 Kh8 29.Nc5 Nd5 30.Rd3 Nb4 31.Rf3 Nc2 32.Qh5 {
...0-1, Heck Norbert 2252 - Bischoff Klaus 2564 , Bad Zwesten 2002 It (open) }
) 13.exd5 exd5 14.Rfd1 dxc4 ( 14...Re8 15.dxc5 Rxc5 16.Be3 Ra5 17.Nxd5 Nxd5
18.cxd5 Bxd5 19.a3 Qa8 20.b4 Be4 21.Ne1 { 1/2-1/2, Garcia Gildardo 2480 -
Khalifman Alexander 2655 , Ubeda 1997 It (open) } ) 15.d5 ( 15.bxc4 cxd4
16.Rxd4 Qe8 17.Re1 Nc5 18.Ne5 Bxg2 19.Kxg2 Ne6 20.Rdd1 b5 21.cxb5 { 1/2-1/2,
Cosma Ioan 2472 - Horvath Jozsef 2511 , Chambery 2002 It (open) } ) 15...cxb3
{ N } ( 15...Nh5 16.Be3 ( 16.Bc1 { } ) 16...Bd6 17.bxc4 Ne5 18.Nb5 a6 19.Nxd6
Qxd6 20.Nxe5 Qxe5 21.Rab1 Qd6 22.Qb2 b5 23.cxb5 c4 24.bxa6 Ba8 25.a7 f5 26.Qe2
Nf6 27.Bf4 Qd7 28.Qe6+ Kh8 29.Qxd7 Nxd7 30.Rdc1 h6 31.Rb4 { 1-0, Veingold
Aleksandr 2460 - Kekki Jorma 2189 , Espoo 1999 It (open) } ) ( 15...Ne8
16.bxc4 Nd6 17.a4 a6 18.Nd2 Nf6 19.Rab1 Rb8 20.Nce4 Bc8 21.Nxf6+ Bxf6 22.Bxd6
Qxd6 23.Ne4 Bf5 24.Nxf6+ Qxf6 25.Be4 Bxe4 26.Qxe4 Rfe8 27.Qd3 Qd6 28.Rb3 g6
29.Rdb1 Red8 30.Qc3 Re8 31.Qb2 Re4 32.Rxb6 Rxb6 33.Qxb6 Qxb6 34.Rxb6 Rxc4
35.Rxa6 { ...1-0, Cordova Emilio 2269 - Hungaski Roberto 2145 , Buenos Aires
2.10.2004 Memorial M.Najdorf (b) } ) 16.axb3 { } 16...Nh5 17.Be3 a5 18.g4 Nhf6
19.d6 Nxg4 20.dxe7 Qxe7 21.Bg5 { ?! } ( 21.Bf4 { !? } 21...Qf6 22.Ng5 g6
23.Ra4 { } ) 21...Qe6 22.Re1 Qg6 { ? } ( 22...Nge5 { !? } 23.Nxe5 Bxg2 24.Ng6
Qxg6 { } ) 23.Qxg6 hxg6 24.Re7 { ?! } ( 24.Rad1 { !? } 24...Ngf6 25.Nd2 Ba6
26.Bf1 { } ) 24...Bc6 { ?! } ( 24...c4 { !? } 25.Rae1 Rfd8 26.bxc4 Rxc4 { } )
25.Rd1 { ?! } ( 25.Nd2 { !? } 25...Bxg2 26.Kxg2 Rfd8 27.Nc4 { } ) 25...Ndf6 {
?! } ( 25...Rcd8 { !? } 26.h3 Ngf6 27.Bxf6 Nxf6 { } ) 26.h3 Nh6 27.Bxh6 gxh6
28.Ne5 Bxg2 29.Kxg2 Rfe8 30.Rxe8+ Rxe8 31.Nc4 Re6 32.Rd8+ Kg7 33.Rb8 Ne4
34.Nd5 Nd6 35.Nc7 { } {#r} 1-0

[Event "Ch Europe (juniors) (under 14)"]
[Site "masterchessopen.com Albena (Bulgaria)"]
[Date "2011.09.14"]
[Round "4"]
[White "Shen Yang (CHN)"]
[Black "Harvan R"]
[Result "1-0"]
[WhiteElo "2459"]
[BlackElo "1961"]

1.d4 d5 2.Nf3 e6 3.c4 Nf6 4.g3 Bb4+ 5.Bd2 Be7 6.Bg2 c6 7.Qc2 Nbd7 8.O-O b6
9.Bc3 O-O 10.Nbd2 Bb7 11.e4 dxe4 12.Nxe4 c5 13.Nxf6+ Nxf6 14.Rfd1 Qc7 15.dxc5
Qxc5 16.Bd4 Qh5 17.Qe2 Rac8 18.Rac1 Rfd8 19.a3 Ne4 20.Qe3 Ng5 21.Nxg5 Bxg5
22.Qe5 Qh6 23.Bxb7 Bxc1 24.Bxc8 Rxc8 25.f4 Bxf4 26.Qxf4 Qh5 27.Rf1 f6 28.Qd6
Qf7 29.c5 bxc5 30.Bxc5 h6 31.b4 e5 32.Rd1 Kh7 33.Qd7 Rc7 34.Qxf7 Rxf7 35.Rd6
{#r} 1-0

[Event "Ch Europe (seniors)"]
[Site "masterchessopen.com Davos (Switzerland)"]
[Date "2008.08.12"]
[Round "4"]
[White "Blechzin Igor (RUS)"]
[Black "Akvist Hakan (SWE)"]
[Result "1-0"]
[WhiteElo "2477"]
[BlackElo "2139"]

1.d4 Nf6 2.Nf3 e6 3.c4 d5 4.g3 Bb4+ 5.Bd2 a5 6.Bg2 O-O 7.Qc2 Nc6 8.O-O dxc4
9.Qxc4 Qd5 10.Qd3 Qe4 11.Qxe4 Nxe4 12.Bf4 Bd6 13.Nc3 Nxc3 14.bxc3 Rb8 15.Nd2
e5 16.Be3 exd4 17.cxd4 Nb4 18.Rfc1 Be6 19.Nc4 Nd5 20.Nxd6 Nxe3 21.Rxc7 Nxg2
22.Kxg2 Rfd8 23.Nb5 Bd7 24.Rb1 Bc6+ 25.f3 g5 26.Na7 Bd5 27.a3 Ra8 28.Nb5 f5
29.Nc3 Rab8 30.Rb5 Be6 31.Re5 Rbc8 32.Rxb7 Bf7 33.Rxf5 {#r} 1-0

[Event "Ch Europe (seniors)"]
[Site "masterchessopen.com Kaunas (Lithuania)"]
[Date "2012.08.20"]
[Round "3"]
[White "Vaitonis Vytautas (LTU)"]
[Black "Vagner Grigorij (RUS)"]
[Result "1-0"]
[WhiteElo "2005"]
[BlackElo "2194"]

1.d4 Nf6 2.c4 e6 3.Nf3 d5 4.g3 Bb4+ 5.Bd2 Nc6 6.Bg2 O-O 7.Ne5 Qe7 8.Nxc6 bxc6
9.O-O a5 10.Nc3 Ba6 11.cxd5 cxd5 12.Re1 Rfc8 13.e4 Qd8 14.e5 Ne8 15.Na4 Bb5
16.Bxb4 axb4 17.Nc5 c6 18.Qd2 Qa5 19.h4 Ra7 20.h5 Rca8 21.b3 Qd8 22.Rec1 Rb8
23.Rc2 Ba6 24.Rac1 Bc8 25.Bf1 Nc7 26.Nd3 Rab7 27.Rxc6 Bd7 28.R6c2 Be8 29.Nxb4
Nb5 30.Na6 Ra8 31.Nc5 Rba7 32.a4 Nc7 33.h6 f6 34.Bd3 fxe5 {#r} 1-0

[Event "Ch Europe (team)"]
[Site "masterchessopen.com Crete (Greece)"]
[Round "4"]
[White "Nyback Tomi (FIN)"]
[Black "Gelashvili Tamaz (GEO)"]
[Result "1-0"]
[WhiteElo "2565"]
[BlackElo "2618"]

{ Nyback Tomi (FIN) +5 =5 -2 Gelashvili Tamaz (GEO) +4 =3 -0 } 1.d4 Nf6 2.c4
e6 3.Nf3 d5 4.g3 Bb4+ 5.Bd2 Be7 6.Bg2 c6 ( 6...O-O 7.O-O c6 8.Qb3 b6 9.Bb4 c5
10.dxc5 Na6 11.cxd5 Nxd5 12.Ba3 Nxc5 13.Qc2 Bb7 14.Rd1 Qe8 15.Nc3 Rc8 16.Rac1
Nxc3 17.Qxc3 Bf6 18.Qe3 Qa4 19.Ne5 Bxg2 20.Kxg2 Rfe8 21.Rd4 Qa6 22.Rdc4 Nd7
23.Nc6 b5 24.R4c2 Nb6 25.Qf3 Nc4 26.Nb4 { ...1/2-1/2, Azmaiparashvili Zurab
2672 - Gelashvili Tamaz 2576 , Kallithea 2003 Ch Greece (team) } ) 7.O-O b6 (
7...O-O 8.Bf4 Nbd7 9.Qc2 a5 10.Rd1 Nh5 11.Bc1 b5 12.cxd5 cxd5 13.e4 dxe4
14.Qxe4 Rb8 15.Qe2 Nhf6 16.Bf4 Rb6 17.Ne5 Nd5 18.Bxd5 exd5 19.Nc3 Nxe5 20.dxe5
d4 21.Be3 dxe3 22.Qxe3 Bg5 23.Qc5 Be7 24.Qe3 Bg5 25.Qc5 Be7 26.Qe3 { 1/2-1/2,
Radjabov Teimour 2729 - Topalov Veselin 2783 , Wijk aan Zee 28. 1.2007 It
(cat.19) } ) ( 7...dxc4 8.a4 O-O 9.Na3 Bxa3 10.Rxa3 a5 11.Qc2 b5 12.axb5 cxb5
13.Ng5 Ra6 14.e4 Nc6 15.e5 Nxd4 16.Qd1 Nd7 17.Qh5 h6 18.Ne4 f5 19.exf6 Nxf6
20.Nxf6+ Rxf6 21.Bc3 Rf5 22.Qg4 e5 23.Bxd4 exd4 24.Bb7 Rc5 25.Bxc8 Rxc8 26.Re1
d3 27.Re7 { ...0-1, Palacios Perez Manuel 2173 - Kurajica Bojan 2595 , Las
Palmas 1995 It (open) } ) 8.Bf4 ( 8.Qc2 O-O 9.Bf4 Bb7 10.Rd1 Nbd7 11.Nc3 Rc8
12.Ne5 Nh5 13.Be3 Nhf6 14.Bf4 Nh5 15.Bc1 Nhf6 16.e4 dxc4 17.Nxc4 b5 18.Ne3 Qb6
19.b3 Rfd8 20.Bb2 a6 21.a3 c5 22.d5 exd5 23.exd5 Re8 24.Ne4 Nxe4 25.Bxe4 h6
26.Bh7+ Kh8 27.Bf5 Rcd8 { ...1/2-1/2, Nisipeanu Liviu-Dieter 2689 - Roiz
Michael 2605 , Dresden 11. 4.2007 Ch Europe } ) 8...Bb7 ( 8...O-O 9.Nc3 Bb7
10.Rc1 Nh5 11.Bxb8 Qxb8 12.Ne5 Nf6 13.e3 Rc8 14.g4 dxc4 15.g5 Ne8 16.Qh5 g6
17.Qh4 c5 18.Qf4 Nd6 19.Ne4 Bxe4 20.Bxe4 Bxg5 21.Qxg5 Nxe4 22.Qf4 f5 23.Rfd1
cxd4 24.exd4 c3 25.f3 cxb2 26.Rxc8+ Qxc8 27.fxe4 Qc2 28.Qf1 { ...0-1, Leko
Peter 2749 - Aronian Levon 2744 , Monte Carlo 18. 3.2007 It "Amber" (active) }
) 9.Nc3 ( 9.cxd5 cxd5 10.Bxb8 Rxb8 11.Qa4+ Nd7 12.Qxa7 Qc8 13.Qa4 Ba6 14.Re1
Ra8 15.Qd1 Qc4 16.Nbd2 Qb5 17.Qb1 O-O 18.h3 f5 19.Bf1 Qa4 20.b3 Qc6 21.Rc1 Qd6
22.e3 Bxf1 23.Nxf1 Rfc8 24.a4 Rc7 25.Ra2 Rxc1 26.Qxc1 b5 27.Rc2 bxa4 28.Rc8+
Rxc8 { ...1-0, Milic Borislav - Janosevic Dragoljub 2330 , Sarajevo 1958 Ch
Yugoslavia } ) 9...O-O { ?/= } 10.Rc1 ( 10.Ne5 Nbd7 11.Nxd7 Nxd7 12.cxd5 exd5
13.Rc1 Nf6 14.Qd3 Re8 15.Rfe1 Bf8 16.h3 Qe7 17.g4 Qe6 18.Be5 Bd6 19.f4 c5
20.e3 Ne4 21.f5 Qe7 22.Bxd6 Qxd6 23.dxc5 Nxc5 24.Qd4 Qg3 25.Ne2 Qxe3+ 26.Qxe3
Rxe3 27.Nf4 Rxe1+ 28.Rxe1 Kf8 { 1/2-1/2, Karpov Anatoly 2755 - Ljubojevic
Ljubomir 2635 , Lucerne 1989 Ch World (team) } ) 10...Nbd7 ( 10...Nh5 11.Be5
Nd7 12.cxd5 exd5 13.e4 f6 14.exd5 cxd5 15.Bc7 Qxc7 16.Nh4 Nf4 17.gxf4 Rf7
18.Nxd5 Qb8 19.Nxe7+ Rxe7 20.Nf5 Re8 21.Qb3+ Kh8 22.Bxb7 Qxb7 23.Nd6 { 1-0,
Gelfand Boris 2733 - Aronian Levon 2744 , Monte Carlo 19. 3.2007 It "Amber"
(blindfold) } ) 11.cxd5 Nxd5 ( 11...exd5 12.Qc2 Re8 13.Rfd1 Nf8 14.Bg5 Ne6
15.Bxf6 Bxf6 16.b4 Qe7 17.Qb3 Red8 18.e3 Rac8 19.Ne1 c5 20.dxc5 bxc5 21.Nxd5
Bxd5 22.Rxd5 cxb4 23.Rxc8 Rxc8 24.Nd3 Bc3 25.Bh3 g6 26.Rb5 Qd7 27.Rd5 Qe7
28.Qa4 Rc7 29.Qb5 Kg7 30.Ne5 Ng5 31.Bg4 { ...1-0, Tkachiev Vladislav 2648 -
Rechlis Gad 2507 , France 1999 Ch France (team) 1999 } ) 12.Nxd5 exd5 13.Qa4 {
+0.37 CAP } ( 13.Qd3 Re8 14.Rfd1 h6 15.Nd2 Nf6 16.Be5 Nd7 17.Bf4 Nf6 18.a3 Bd6
19.Bxd6 Qxd6 20.e3 Re7 21.b4 Rae8 22.Qf5 Ne4 23.Nxe4 dxe4 24.Qh5 Ba6 25.Rc3
Bb5 26.Rdc1 Ba4 27.Bf1 Re6 28.Qe2 Bb5 29.Qc2 h5 30.Bxb5 cxb5 31.Rc8 Rxc8
32.Qxc8+ Kh7 { ...1/2-1/2, Shinkevich Vitaly 2458 - Okrugin Sergey 2392 , St.
Petersburg 2002 Memorial M.Chigorin (open) } ) 13...a5 14.Bh3 { N } ( 14.Rxc6
Bxc6 15.Qxc6 Rc8 16.Qxd5 Rc2 17.Qb5 Nf6 18.Ne1 Rc8 19.Bb7 Qxd4 20.Bxc8 Rxc8
21.Be3 Qc4 22.Qxc4 Rxc4 23.b3 Rc6 24.Bd4 h6 25.a4 Ne4 26.Nf3 Bb4 27.Rb1 Rc2
28.Kf1 Bc5 29.Rd1 Kh7 30.Bxc5 Nxc5 31.Rd6 Rb2 32.Rxb6 Nxa4 33.Ra6 Nc5 {
...1-0, Alburt Lev O 2550 - Strenzwilk Denis 2154 , Parsippany 2002 Ch Amateur
team (east) } ) 14...b5 15.Qc2 Re8 16.Qd2 f6 17.Rc2 Nb6 18.Rfc1 Bf8 19.Qd3 g5
20.Bd2 Nc4 21.Be1 Qe7 22.e3 a4 23.Bf5 Qf7 24.h4 Nd6 25.hxg5 fxg5 26.Bg4 Qg7
27.b3 axb3 28.axb3 Ne4 29.Ne5 Ra6 30.Nxc6 Ba3 31.Ne5 { ?! } ( 31.Nb4 { !? }
31...Rh6 32.Ra1 Bxb4 33.Bxb4 Bc6 34.Kg2 Qc7 35.Be1 Kg7 36.f3 Nf6 { } )
31...Bxc1 32.Rxc1 Ra2 33.Qxb5 Rf8 { ? } ( 33...Nd6 34.Qb6 Ra6 35.Qc5 Qf6
36.Qc7 Ra2 37.f3 { } ) 34.Nd7 Nxf2 35.Be6+ Kh8 36.Nxf8 Qh6 37.Ng6+ Kg7 38.Qd7+
{ } {#r} 1-0

[Event "Ch Finland (team) 1998/99"]
[Site "masterchessopen.com Finland"]
[Round "6"]
[White "Keskisarja Teemu (FIN)"]
[Black "Tella Jussi (FIN)"]
[Result "0-1"]
[WhiteElo "2268"]
[BlackElo "2434"]

1.Nf3 d5 2.d4 Nf6 3.c4 e6 4.g3 c6 5.Bg2 Bb4+ 6.Bd2 Be7 7.Qc2 O-O 8.O-O b6
9.Bf4 a5 10.Nbd2 Ba6 11.Rfd1 b5 12.b3 Nbd7 13.e4 bxc4 14.bxc4 Nxe4 15.Nxe4
dxe4 16.Ne5 Nxe5 17.dxe5 Qc7 18.Bxe4 h6 19.h4 Rab8 20.Qe2 Rb4 21.Bd3 Rd8
22.Qe4 Rxd3 23.Qxd3 Bxc4 24.Qd7 Qxd7 25.Rxd7 Bc5 26.Rc1 Bb6 27.Rd2 Bd5 28.Be3
Bxe3 29.fxe3 Re4 30.Rc3 Rxe5 31.a3 Kh7 32.Rb2 Kg6 33.Rb7 f5 34.Ra7 Be4 35.Rb3
Rc5 36.Rbb7 Rc3 37.Rxg7+ Kf6 38.Rgf7+ Ke5 39.Rxa5+ Bd5 40.g4 fxg4 41.Rg7 h5
42.Ra4 Rxe3 43.Rg5+ Kd6 44.Rd4 Rxa3 45.Rxh5 g3 46.Rd1 Ra2 47.Rg5 Rh2 48.Kf1
g2+ 49.Ke1 Rxh4 50.Kf2 Rf4+ 51.Kg1 Kc5 52.Rc1+ Rc4 53.Re1 Rc2 54.Rg3 Rd2
55.Rc1+ Kd6 56.Ra1 c5 57.Ra6+ Ke5 58.Ra1 c4 59.Re1+ Kd4 60.Rc1 Rd3 61.Rg4+ Kc5
62.Kh2 Rd4 63.Rg8 Rh4+ 64.Kg3 Rh1 {#R} 0-1

[Event "Ch France"]
[Site "masterchessopen.com Nantes (France)"]
[Round "4"]
[White "Bauer Christian (FRA)"]
[Black "Koch Jean-Rene (FRA)"]
[Result "1-0"]
[WhiteElo "2485"]
[BlackElo "2500"]

1.d4 Nf6 2.Nf3 d5 3.c4 e6 4.g3 Bb4+ 5.Bd2 c5 6.Bxb4 cxb4 7.Nbd2 O-O 8.Bg2 b6
9.O-O Bb7 10.Ne5 a5 11.Rc1 Qd6 12.cxd5 exd5 13.Ndc4 Qd8 14.Ne3 Ne4 15.Qc2 Ra7
16.Rfd1 Re8 17.Qc7 Qxc7 18.Rxc7 f6 19.Bxe4 dxe4 20.N5c4 Na6 21.Rd7 Nb8 22.Rxb7
Rxb7 23.Nd6 Ree7 24.Nxb7 Rxb7 25.Rc1 Kf7 26.Rc8 g6 27.Kg2 Nd7 28.f3 exf3+
29.Kxf3 Ke6 30.Rc6+ Kf7 31.Nd5 f5 32.g4 fxg4+ 33.Kxg4 Rb8 34.e4 Re8 35.Kf4 Re6
36.Rc7 Ke8 37.e5 h6 38.h4 Kd8 39.Ra7 Nb8 40.Ke4 g5 41.hxg5 hxg5 42.Rg7 Nc6
43.Rxg5 b5 44.Rg8+ Kd7 45.Rg7+ Kc8 46.Nf4 Re8 47.Ng6 a4 48.d5 Na5 49.Ra7 Nc4
50.Ne7+ Kb8 51.Nc6+ Kc8 52.Kd4 a3 53.d6 {#r} 1-0

[Event "Ch France (team) (2) 2002/03"]
[Site "masterchessopen.com France"]
[Round "2"]
[White "Onkoud Abdelaziz (MAR)"]
[Black "Clery Nicolas (FRA)"]
[Result "0-1"]
[WhiteElo "2326"]
[BlackElo "2344"]

1.d4 Nf6 2.c4 e6 3.Nf3 d5 4.g3 Bb4+ 5.Bd2 Be7 6.Nc3 O-O 7.Bg2 c6 8.O-O dxc4
9.e4 b5 10.a3 Bb7 11.Qe2 Nbd7 12.Rad1 a5 13.e5 Nd5 14.Ne4 Ba6 15.Bg5 b4
16.Rfe1 h6 17.Bxe7 Qxe7 18.a4 Rfb8 19.Qd2 N7b6 20.Ra1 c3 21.bxc3 Nc4 22.Qd1 b3
23.Nfd2 b2 24.Rb1 Qa3 25.Qc2 Nxd2 26.Qxd2 Bc4 27.Bf1 Ba2 28.Bd3 Rb3 29.Rbd1
Nxc3 30.Nxc3 Rxc3 31.Be4 Rb8 32.g4 Bd5 33.Bxd5 cxd5 34.Rb1 Rd3 35.Qxa5 Rxd4
36.Re3 Rxg4+ 37.Kf1 Qxa4 38.Qd2 Qb5+ 39.Qe2 Rc4 40.Rd3 Rc1+ {#R} 0-1

[Event "Ch France (team) (2) 2002/03"]
[Site "masterchessopen.com France"]
[Round "9"]
[White "Harovelo Ingmar (FRA)"]
[Black "Romieux Sebastien (FRA)"]
[Result "1-0"]
[WhiteElo "2253"]
[BlackElo "2222"]

1.d4 Nf6 2.c4 e6 3.g3 d5 4.Nf3 Bb4+ 5.Bd2 c5 6.Bxb4 cxb4 7.Bg2 O-O 8.Nbd2 Nc6
9.O-O Ne4 10.Rc1 a5 11.e3 f5 12.cxd5 exd5 13.Nb3 a4 14.Nc5 a3 15.b3 Nc3 16.Qd2
Qd6 17.Nd3 b6 18.Nxb4 Ne2+ 19.Qxe2 Nxb4 20.Rfd1 Ba6 21.Qd2 Rfc8 22.Ne5 g6
23.h4 Kg7 24.Rxc8 Rxc8 25.Rc1 Rxc1+ 26.Qxc1 Nxa2 27.Qa1 Qb4 28.Qxa2 Qe1+
29.Kh2 Qc1 30.b4 Bc4 31.Nxc4 dxc4 32.b5 Qb2 33.Qxc4 a2 34.Qc7+ Kh6 35.Qf4+ Kg7
36.Qe5+ Kh6 37.Qf4+ Kg7 38.g4 fxg4 39.h5 h6 40.Qe5+ Kh7 41.Qe7+ {#r} 1-0

[Event "Ch France (team) (nat.1) 2008/09"]
[Site "masterchessopen.com France"]
[Date "2009.04.04"]
[Round "10"]
[White "Lubczynski Rafal (POL)"]
[Black "Metral Jean-Paul (FRA)"]
[Result "1-0"]
[WhiteElo "2425"]
[BlackElo "2183"]

1.d4 Nf6 2.c4 e6 3.g3 d5 4.Nf3 Bb4+ 5.Bd2 Bxd2+ 6.Nbxd2 O-O 7.Bg2 Nc6 8.O-O
Ne4 9.e3 f5 10.Rc1 Nb8 11.Ne5 c6 12.Ndf3 Na6 13.Nd3 Nc7 14.Nfe5 Ne8 15.f3 N4f6
16.Nf2 Nd6 17.Qb3 Kh8 18.Qc3 Bd7 19.e4 Be8 20.Rce1 dxc4 21.Nxc4 Nb5 22.Qb4 Kg8
23.Rd1 a5 24.Qd2 Ra6 25.a4 Na7 26.b3 fxe4 27.Nxe4 Nxe4 28.fxe4 Rxf1+ 29.Rxf1
b5 30.Qf4 Qe7 31.Nd6 bxa4 32.bxa4 c5 33.dxc5 e5 34.Qd2 h6 35.Rb1 Nc6 36.Rb7
Qf8 37.Qd5+ Kh8 38.Rc7 Ra8 39.Nxe8 Rxe8 40.Rxc6 Rd8 41.Rd6 Rb8 42.h4 Rb1+
43.Kh2 Qe7 44.Rd8+ Kh7 45.Qg8+ {#r} 1-0

[Event "Ch Germany (juniors) (Internet) (under 14) (final)"]
[Site "masterchessopen.com Internet"]
[Date "2010.06.20"]
[Round "1"]
[White "Neef Maximilian (GER)"]
[Black "Muth Matthias (GER)"]
[Result "1-0"]
[WhiteElo "2001"]
[BlackElo "2006"]

1.d4 Nf6 2.c4 e6 3.Nf3 d5 4.g3 Bb4+ 5.Bd2 Bxd2+ 6.Nbxd2 Nbd7 7.Bg2 O-O 8.O-O
c5 9.cxd5 Nxd5 10.dxc5 Nxc5 11.Qc2 Na6 12.a3 Bd7 13.Rac1 Rc8 14.Qb1 Qe7 15.Ne5
Bb5 16.Bf3 f6 17.Nd3 Nc5 18.Nxc5 Rxc5 19.Rxc5 Qxc5 20.Rc1 Qe7 21.Nb3 Nb6
22.Nd4 Be8 23.Qe4 e5 24.Nf5 Qd7 25.Ne3 Bg6 26.Qxb7 Qd2 27.Rc7 Bf7 28.Qxa7 Nc8
29.Qc5 Qd8 30.Bd5 Bxd5 31.Qxd5+ Qxd5 32.Nxd5 Kh8 33.e3 h6 34.b4 Rd8 35.Ne7 Nb6
36.Nf5 Nd5 37.Rxg7 Nc3 38.Rg6 Nd1 39.Rxh6+ Kg8 40.Rxf6 Nc3 41.Rg6+ Kh7 42.Rg7+
Kh8 43.Rc7 Ne2+ 44.Kg2 Rd2 45.h4 Nc3 46.Rxc3 e4 47.h5 Kh7 48.g4 Kg8 49.Kg3 Kf7
50.Rc6 Ke8 51.Rc7 Ra2 52.Ra7 Rc2 53.h6 Rc1 54.h7 Rh1 55.h8=Q+ Rxh8 56.Ra8+ Kd7
57.Rxh8 Kc6 58.Rc8+ Kb5 59.g5 Ka4 60.g6 Kb3 61.g7 Ka4 62.g8=Q Kb5 63.Qe8+ Kb6
64.Qc6+ Ka7 65.Ra8# 1-0

[Event "Ch Germany (juniors) (Internet) (under 18) (qual2)"]
[Site "masterchessopen.com Internet"]
[Date "2012.09.05"]
[Round "7"]
[White "Hahn Markus"]
[Black "Kreyssig Robert (GER)"]
[Result "1-0"]
[WhiteElo "2134"]
[BlackElo "1894"]

1.d4 Nf6 2.c4 e6 3.g3 d5 4.Nf3 c6 5.Bg2 Bb4+ 6.Bd2 Be7 7.O-O Nbd7 8.Qc2 O-O
9.Bf4 Nh5 10.Bc1 b6 11.Rd1 Bb7 12.Nc3 dxc4 13.Nd2 Qb8 14.Nxc4 c5 15.d5 exd5
16.Nxd5 Bxd5 17.Bxd5 Nhf6 18.Bxa8 Qxa8 19.Bg5 Qc6 20.Qf5 Re8 21.Rd3 h6 22.Bxf6
Nxf6 23.Rad1 Bf8 24.Re3 Rxe3 25.Nxe3 g6 26.Qf3 Qxf3 27.exf3 Kg7 28.Nd5 c4
29.Ne3 b5 30.Rd8 Bc5 31.Rc8 Bxe3 32.fxe3 Nd5 33.Kf2 Nb4 34.a4 Nd3+ 35.Ke2 bxa4
36.Rxc4 Nxb2 37.Rc7 a3 38.Rxa7 Nc4 39.f4 h5 40.Kd3 Nd6 41.Rxa3 Nf5 42.Ra7 Kf6
43.e4 Ng7 44.e5+ Ke6 45.Ke4 Nf5 46.Ra6+ Ke7 47.Ra3 Ke6 48.h3 Ke7 49.g4 hxg4
50.hxg4 Ng7 51.Ra7+ Ke6 52.f5+ gxf5+ 53.gxf5+ Nxf5 54.Ra6+ {#r} 1-0

[Event "Ch Germany (juniors) (Internet) (under 25) (qual3)"]
[Site "masterchessopen.com Internet"]
[Date "2010.06.09"]
[Round "1"]
[White "Moshtael Wesal (GER)"]
[Black "Alvermann Christian (GER)"]
[Result "1-0"]
[WhiteElo "2166"]
[BlackElo "1738"]

1.Nf3 d5 2.d4 Nf6 3.c4 e6 4.g3 Bb4+ 5.Bd2 Qe7 6.Bg2 Ne4 7.O-O Nc6 8.a3 Bxd2
9.Nbxd2 Nxd2 10.Qxd2 dxc4 11.Rac1 b5 12.Ne5 Nxe5 13.Bxa8 Ng4 14.Bf3 Nf6 15.a4
Bd7 16.axb5 Bxb5 17.Qa5 a6 18.b3 cxb3 19.Rxc7 Qd8 20.Qc3 O-O 21.Rb1 Bxe2
22.Bxe2 Nd5 23.Qxb3 Qxc7 24.Bxa6 g6 25.Bc4 Nf6 26.Re1 Qa5 27.Re5 Qa1+ 28.Kg2
Qxd4 29.Re3 Ng4 30.Rf3 Qe4 31.Bd3 Qa8 32.Qb2 Rd8 33.Be2 f6 34.h3 Ne5 35.Qb3
Rd6 36.Qb4 Nxf3 37.Bxf3 Qd8 38.h4 Rd4 39.Qb3 Kf7 40.h5 gxh5 41.Bxh5+ Ke7
42.Bf3 Rd3 43.Qb1 Qd7 44.Be2 Qd5+ 45.Kg1 Rd2 46.Qxh7+ Kd6 47.Qh5 Rxe2 48.Qxe2
f5 49.Qe3 {#r} 1-0

[Event "Ch Germany (seniors)"]
[Site "masterchessopen.com Germany"]
[Round "0"]
[White "Hellwege Werner (GER)"]
[Black "Igney Volkhard (GER)"]
[Result "0-1"]
[WhiteElo "2013"]
[BlackElo "2163"]

1.d4 Nf6 2.Nf3 d5 3.c4 e6 4.g3 Bb4+ 5.Bd2 Bxd2+ 6.Nbxd2 O-O 7.Bg2 c6 8.O-O
Nbd7 9.Qc2 Re8 10.a3 e5 11.cxd5 Nxd5 12.Rad1 exd4 13.Nc4 d3 14.Rxd3 Qf6 15.Rd2
N7b6 16.e4 Nxc4 17.Qxc4 Nb6 18.Qc2 Bg4 19.e5 Qh6 20.Re1 Qh5 21.Qb3 Be6 22.Qe3
Nc4 23.Qc3 Nxd2 24.Nxd2 Bh3 25.Nc4 Bxg2 26.Kxg2 Qg4 27.Nd6 Re7 28.Re4 Qe6
29.f4 Rd8 30.Rd4 Red7 31.Qc5 f6 32.Rb4 fxe5 33.fxe5 Re7 34.Qc4 Qxc4 35.Rxc4
Rxe5 36.Nxb7 Rd7 37.Nc5 Rd2+ 38.Kf3 Rxb2 39.Nd7 Rd5 {#R} 0-1

[Event "Ch Germany (seniors) (team)"]
[Site "masterchessopen.com Halle (Germany)"]
[Date "2007.09.14"]
[Round "2"]
[White "Donchenko Anatoly G (GER)"]
[Black "Franck Rudolf (GER)"]
[Result "1-0"]
[WhiteElo "2355"]
[BlackElo "2214"]

1.Nf3 d5 2.d4 Nf6 3.c4 e6 4.g3 Bb4+ 5.Bd2 Be7 6.Bg2 Ne4 7.O-O O-O 8.Qc2 f5
9.Ne5 Nxd2 10.Nxd2 Nd7 11.Ndf3 c6 12.e3 Bd6 13.Rab1 a5 14.Rfd1 Qf6 15.Qc3 Qe7
16.a3 a4 17.c5 Bc7 18.Nxd7 Bxd7 19.Ne5 Be8 20.b4 axb3 21.Rxb3 Ra7 22.Rdb1 Bxe5
23.dxe5 Qc7 24.Rb6 Bh5 25.h3 Rfa8 26.Qb2 Be8 27.Bf1 Qe7 28.Qd4 Qc7 29.Be2 Bd7
30.Bd1 Bc8 31.a4 Ra5 32.R6b2 Qe7 33.Ra1 Qg5 34.Kh2 Qe7 35.Rb4 R8a7 36.Qc3 Ra8
37.g4 R5a7 38.Bc2 Ra5 39.Bb3 R5a7 40.Rf4 Rb8 41.Bc2 b6 42.cxb6 Rxb6 43.Bd3 g5
44.a5 Rb8 45.Rfa4 fxg4 46.Rxg4 Kh8 47.Rag1 Ba6 48.Bxa6 Rxa6 49.Rxg5 Qc7 50.Rg7
Qxg7 51.Rxg7 Kxg7 52.Qc5 Re8 53.f4 Kf7 54.Qc2 Rxa5 55.Qxh7+ Kf8 56.Qh8+ Ke7
{#r} 1-0

[Event "Ch Germany (seniors) (team)"]
[Site "masterchessopen.com Berlin (Germany)"]
[Date "2008.09.03"]
[Round "4"]
[White "Boehnisch Manfred (GER)"]
[Black "Reichenbach Werner (GER)"]
[Result "1-0"]
[WhiteElo "2366"]
[BlackElo "2285"]

1.d4 Nf6 2.c4 e6 3.g3 d5 4.Nf3 Bb4+ 5.Bd2 Be7 6.Bg2 O-O 7.Nc3 b6 8.cxd5 exd5
9.O-O Bb7 10.Rc1 Na6 11.Qc2 c5 12.Rfd1 Qe8 13.Bg5 Nc7 14.b3 Ne4 15.Nxe4 dxe4
16.Bxe7 Qxe7 17.Nd2 Ne6 18.dxc5 Nxc5 19.b4 Na6 20.a3 Rac8 21.Qb3 e3 22.Qxe3
Qxe3 23.fxe3 Bxg2 24.Kxg2 Rxc1 25.Rxc1 Rd8 26.Nb3 Kf8 27.b5 Nb8 28.Nd4 a6
29.a4 axb5 30.axb5 g6 31.Rc7 Ke8 32.Rb7 Nd7 33.Kf3 Ra8 34.Kf4 h6 35.h4 Ra1
36.e4 Kd8 37.Nc6+ Kc8 38.Ra7 Rxa7 39.Nxa7+ Kc7 40.e5 Nc5 41.Nc6 Ne6+ 42.Ke4 h5
43.Ne7 Kd7 44.Nd5 Nc5+ 45.Kd4 Na4 46.Nf4 Nc5 47.Kd5 Na4 48.Kc4 Nc5 49.Nd5 Ne4
50.Nf6+ Nxf6 51.exf6 Kd6 52.Kd4 Ke6 53.e4 Kxf6 54.Kd5 {#r} 1-0